[Event "WLS-chB 68th"]
[Site "Cardiff"]
[Date "2024.04.01"]
[Round "7"]
[White "Archibald, Mckenzie"]
[Black "Funmilayo, Feyikemi Anthony"]
[Result "1/2-1/2"]
[WhiteElo "1683"]
[BlackElo "1950"]
[PlyCount "64"]
[EventDate "2024.03.29"]
[EventType "swiss"]
[EventRounds "7"]
[EventCountry "WLS"]
[SourceTitle "CBM 219 Extra"]
[Source "ChessBase"]
[SourceDate "2024.05.31"]
[SourceVersion "1"]
[SourceVersionDate "2024.05.31"]
[SourceQuality "1"]

1. d4 d5 2. c4 c6 3. cxd5 cxd5 4. Nc3 Nf6 5. f3 Nc6 6. e4 dxe4 7. d5 Ne5 8. fxe4 a6 9. h3 e6 10. Nf3 Bd6 11. Nxe5 Bxe5 12. Qf3 0-0 13. Bc4 Qc7 14. Bb3 Bg3+ 15. Kf1 exd5 16. exd5 Bd7 17. Be3 Rae8 18. Bf2 Be5 19. Re1 Re7 20. Ne4 Nxe4 21. Rxe4 Bb5+ 22. Kg1 Bxb2 23. Rxe7 Qxe7 24. Bg3 Be2 25. d6 Qg5 26. Qxe2 Qxg3 27. Qxb2 Re8 28. Bc4 Re1+ 29. Bf1 Qxd6 30. Qxb7 h6 31. Qc8+ Kh7 32. Qf5+ Kg8 1/2-1/2

[Event "WLS-chB 68th"]
[Site "Cardiff"]
[Date "2024.03.31"]
[Round "5"]
[White "Murthy, Arush Ajai"]
[Black "Funmilayo, Feyikemi Anthony"]
[Result "1-0"]
[WhiteElo "1526"]
[BlackElo "1950"]
[PlyCount "61"]
[EventDate "2024.03.29"]
[EventType "swiss"]
[EventRounds "7"]
[EventCountry "WLS"]
[SourceTitle "CBM 219 Extra"]
[Source "ChessBase"]
[SourceDate "2024.05.31"]
[SourceVersion "1"]
[SourceVersionDate "2024.05.31"]
[SourceQuality "1"]

1. d4 Nf6 2. c4 d5 3. cxd5 Nxd5 4. e4 Nf6 5. Nc3 e6 6. Bd3 Be7 7. Nf3 0-0 8. 0-0 c5 9. dxc5 Bxc5 10. e5 Nd5 11. Bxh7+ Kh8 12. Ng5 g6 13. Qg4 Kg7 14. Qh4 f6 15. Nge4 Qb6 16. Bh6+ Kf7 17. Nxd5 exd5 18. Nxc5 Bf5 19. Bxf8 Kxf8 20. Nxb7 Nd7 21. Qh6+ Ke8 22. Bxg6+ Bxg6 23. Qxg6+ Kf8 24. e6 Qxe6 25. Rfe1 Ne5 26. Qh6+ Kg8 27. Qe3 Qc6 28. Nc5 Kf7 29. Nd3 Ng6 30. Rac1 Qd7 31. Qg3 1-0